All Minecraft Structures - Statistics

General Stats
  • This quiz has been taken 32 times
  • The average score is 22 of 33
Answer Stats
Answer % Correct
Nether Fortress
100%
Ruined Portal
100%
Village
100%
Bastion Remnant
96%
Desert Pyramid
93%
Ocean Monument
93%
Stronghold
93%
Woodland Mansion
93%
Jungle Pyramid
89%
Shipwreck
89%
Ancient City
86%
Desert Well
86%
Ocean Ruins
86%
Pillager Outpost
86%
Swamp Hut
86%
Igloo
82%
Trial Chambers
82%
End City
79%
Mineshaft
79%
Dungeon
71%
Buried Treasure
68%
Fossil
61%
Abandoned Village
50%
Amethyst Geode
46%
Trail Ruins
46%
Exit Portal
43%
Nether Fossil
36%
End Gateway
29%
End Spikes
29%
Bonus Chest
18%
End Platform
14%
Mossy Cobblestone Boulders
7%
Pumpkin Groups
7%
No matching quizzes found
Score Distribution
Percent of People with Each Score
Percentile by Number Answered
Your Score History
You have not taken this quiz